000 00437nam a2200181Ia 4500
001 23704
005 20260414150955.0
008 260414t2017||||xx |||||||||||||| ||spa||
041 _aESP
082 _a692.5
_bJ54
100 _aJiménez López, Luis
_eAUT
245 0 _aPresupuestos en la construcción
_b
260 _c2017
300 _axiii, 250 páginas :
_c24 cm.
650 _a0
654 _aCIC
942 _cLIB
_dJUS
_fJUS
_2ddc
_n
999 _c23704
_d23704